000 00659nam a22001817a 4500
999 _c192390
_d192390
005 20220920160533.0
010 _aENG-135148
020 _c300.00
035 _aEN-118680
037 _bDBAD / PUB
082 _a909
100 _aShekhar, Indu Mudigonda
245 _aThe Evidence:
_bAncient India's Cultural Influence on World Countries/
_c Mudigonda Indu Shekhar
260 _aHyderabad
_bSahitya Niketan, Keshav Nilayam, Barkatpura,
_c2020
270 _bHyderabad
_aSahitya Niketan, Keshav Nilayam, Barkatpura,
_e500027
_k04027563236
300 _a131p.
_c24cm(pbk).
_bReferences, Bibliography and Websites
942 _2ddc
_cEN
_mSHE
_h909